000 01188cam a2200289 i 4500
003 SA-RiAUC
005 20251229084850.0
008 251117s1978 su f b f000 0 ara c
040 _aSA-JeALM
_bara
_cSA-RiAUC
_erda
043 _aa-su---
082 0 4 _a345.5310772
_qSA-RiAUC
090 _a345.5310772
_bخ ض ر
100 1 _aخضر، عبد الفتاح عبد العزيز
_eمؤلف.
245 1 2 _aالحكم حيث ينعدم النص الجنائي /
_cد. عبد الفتاح خضر.
264 1 _aالرياض :
_bمعهد الإدارة العامة،
_c1978
300 _a30صفحة ؛
_c24 سم
336 _aنص
_btxt
_2rdacontent
_3كتاب
337 _aبدون وسيط
_bn
_2rdamedia
338 _aمجلد
_bnc
_2rdacarrier
500 _aمستلة من : مجلة الإدارة العامة. العدد (22)
500 _aإهداء من المؤلف عبد الفتاح خضر.
504 _aببليوجرافية : صفحة 69-70.
650 7 _aالمحاكمات الجنائية
_zالسعودية
_2aucsh
650 7 _aالأحكام الجنائية
_zالسعودية
_2aucsh
942 _2ddc
_cBOOK
_n0
949 _aSA-JeALM
_d251117
_umohamedma123
_n1
999 _c13777
_d13777